Pokémon de type Dragon - Mort Subite - Statistiques

Statistiques générales
  • Ce quiz a été pris 172 fois
  • Le résultat moyen est 7 sur 10
Answers on the Grid
Answers color-coded by a green-red scale on the quiz's grid according to % correct below.
Rhinolove
Debugant
Drago Malfoy
Dracocharge
Roucarnage
Crocabulia
Draby
Dracaufeu
Draco
Dracolosse
Dragoune
Drakkarmin
Drattak
Florizarre
Hydragon
Hypocéan
Incisache
Kyurem
Léviator
Lugia
Pondralugon
Ptera
Rayquaza
Tyranocif
Yveltal
 
Statistiques - réponses
Réponse % Correct
Draby
71%
Dracolosse
70%
Drattak
70%
Draco
69%
Rayquaza
68%
Drakkarmin
66%
Incisache
64%
Kyurem
61%
Hydragon
59%
Pondralugon
57%
Aucun quiz correspondant
Distribution des résultats
% des personnes avec chaque résultat
Percentile par nombre de réponses
Votre historique - résultats
Vous n’avez pas pris ce quiz